00223nam a2200097Ia 4500008004100000100001900041245002100060260002800081300000800109650000800117191201s2008 xx 000 0 und d aSTILL, Richard 0aSales Management aN. DelhibPearsonc2008 a638 aBBA